Bibliografia pamiatkovej literatúry v ČSSR za roky ...

Bibliographic Details
Format: Serial
Language:Slovak
PhysicalDescription:zv.
Published: Bratislava Obzor [1961-1967]
Subjects:

MARC

LEADER 00000cas a2200000 a 4500
001 vtls001419219
003 SK-MaSNL
005 20260311075441.0
008 010824d19611967xo ar b 0 0b0slo
035 |a SNK000374032 
040 |a SNK  |b slo  |c SNK  |e AACR2 
041 0 |a slo 
043 |a e-cs--- 
044 |a xo  |c SK 
072 7 |a 904  |x Kultúrne pamiatky historického obdobia všeobecne  |2 konspekt 
072 7 |a 01  |x Bibliografia. Katalógy  |2 konspekt 
080 |a 904  |2 2011 
080 |a 016  |2 2011 
080 |a 050  |2 2011 
080 |a 82  |2 2011 
080 |a (01)  |2 2011 
080 |a (437)  |2 2011 
245 0 0 |a Bibliografia pamiatkovej literatúry v ČSSR za roky ... 
260 |a Bratislava  |b Obzor  |c [1961-1967] 
300 |a zv. 
310 |a 1x ročne 
362 |a [1961-1967] 
500 |a Súčasťou názvu je označenie bežného roka 
650 0 7 |a pamiatky  |2 SNKPH  |9 3808 
650 0 7 |a literatúra  |2 SNKPH  |9 1427 
651 7 |a Československo  |2 SNKPHgeo  |9 21376 
655 7 |a bibliografie  |2 SNKPH  |9 28668 
910 |a snk 
999 |c 2789  |d 4719 
952 |a SNK  |b SNK  |y PREZ  |7 0  |p 17A0311385  |o snkČSC 1368/1965 D1  |0 0  |1 0  |4 0  |d 2001-08-24  |l 0  |r 2005-01-02 00:00:00  |w 2026-02-21 
952 |a SNK  |b SNK  |y PREZ  |7 0  |p 17A0311593  |o snkČSC 1368/1961-1962 D1  |0 0  |1 0  |4 0  |d 2001-08-24  |l 0  |r 2005-01-02 00:00:00  |w 2026-02-21 
952 |a SNK  |b SNK  |y PREZ  |7 0  |p 17A0339111  |o snkČSC 1368/1961-1962  |0 0  |1 0  |4 0  |d 2002-04-08  |l 0  |r 2005-01-02 00:00:00  |w 2026-02-21 
952 |a SNK  |b SNK  |y PREZ  |7 0  |p 17A0373073  |o snkČSC 1368/1961-1962 D2  |0 0  |1 0  |4 0  |d 2003-02-07  |l 0  |r 2005-01-02 00:00:00  |w 2026-02-21 
952 |a SNK  |b SNK  |y PREZ  |7 0  |p 17A0311778  |o snkČSC 1368/1967 D1  |0 0  |1 0  |4 0  |d 2001-08-24  |l 0  |r 2005-01-02 00:00:00  |w 2026-02-21 
952 |a SNK  |b SNK  |y PREZ  |7 0  |p 17A0339041  |o snkČSC 1368/1967  |0 0  |1 0  |4 0  |d 2002-04-08  |l 0  |r 2005-01-02 00:00:00  |w 2026-02-21 
952 |a SNK  |b SNK  |y PREZ  |7 0  |p 17A0311809  |o snkČSC 1368/1963-1964 D1  |0 0  |1 0  |4 0  |d 2001-08-24  |l 0  |r 2005-01-02 00:00:00  |w 2026-02-21 
952 |a SNK  |b SNK  |y PREZ  |7 0  |p 17A0339110  |o snkČSC 1368/1963-1964  |i snkKSP 5572/67  |0 0  |1 0  |4 0  |d 2002-04-08  |l 0  |r 2005-01-02 00:00:00  |w 2026-02-21 
952 |a SNK  |b SNK  |y PREZ  |7 0  |p 17A0311521  |o snkČSC 1368/1966 D1  |0 0  |1 0  |4 0  |d 2001-08-24  |l 0  |r 2005-01-02 00:00:00  |w 2026-02-21 
952 |a SNK  |b SNK  |y PREZ  |7 0  |p 17A0339128  |o snkČSC 1368/1966  |0 0  |1 0  |4 0  |d 2002-04-08  |l 0  |r 2005-01-02 00:00:00  |w 2026-02-21 
952 |a SNK  |b SNK  |y PREZ  |7 0  |p 17A0339127  |o snkČSC 1368/1965  |0 0  |1 0  |4 0  |d 2002-04-08  |l 0  |r 2005-01-02 00:00:00  |w 2026-02-21